| 000 | 01161nam a22001937a 4500 | ||
|---|---|---|---|
| 003 | JO-AjAnu | ||
| 005 | 20250715052116.0 | ||
| 008 | 250715b jo ||||| |||| 00| 0 ara d | ||
| 040 |
_aANU _cJO-AjAnu |
||
| 041 | _hARA | ||
| 100 |
_aالغرايبة، مؤمن محمد حسن _eمعد _966577 |
||
| 245 |
_aمستوى الضغوط المهنية وعلاقتها بالدافعية نحو العمل مع الطلبة ذوي صعوبات التعلم من وجهة نظر المعلم المساند = The Level of Professional Stress and its Relationship to Motivation towards Work with Students Learning Disabilities from Point of View Support Teacher _c / إعداد مؤمن محمد حسن الغرايبة ؛ اشراف ريم عبدالله الكناني |
||
| 260 | _c2025 | ||
| 300 | _a94 ورقة | ||
| 500 | _aرسالة جامعية (رسالة ماجستير في التربية الخاصة) - جامعة عجلون الوطنية (الاردن-عجلون) - كلية العلوم التربوية ، 2025 | ||
| 650 | _vصعوبات التعلم | ||
| 700 |
_aالكناني، ريم عبدالله _964923 _eمشرف |
||
| 942 |
_2lcc _cTHS _n0 |
||
| 999 |
_c33936 _d33936 |
||